Zgadnij co to za postać z Miraculous | Część #9 - Statystyki

Ogólne statystyki
  • Ten quiz został rozwiązany 23 razy
  • Średni wynik to 5 z 16
Statystyki odpowiedzi
Obrazkowy Odpowiedź % Poprawnych
Nora Césaire
89%
Książę Ali
83%
Marlena Césaire
50%
Vincent
50%
Claudie Kanté
44%
Jalil Kubdel
33%
Ariah Khan
22%
Aurore Beauréale
22%
Dean Gate
22%
Fred Haprèle
22%
Portier hotelowy
22%
Aeon
17%
Barbara Keynes
17%
Jessica Keynes
17%
Olympia Hill
17%
Sarah
17%
Nie znaleziono quizów pasujących do podanych kryteriów
Rozkład punktacji
Procent ludzi z każdym wynikiem
Percentyl według liczby udzielonych odpowiedzi
Twoja historia wyników
Nie rozwiązałeś tego quizu